| 000 | 00780nam a22002297a 4500 | ||
|---|---|---|---|
| 999 |
_c234 _d234 |
||
| 003 | AR-CdUCM | ||
| 008 | 190222b ||||| |||| 00| 0 spa d | ||
| 020 | _a8470760408 | ||
| 040 |
_aMUNICIPALIDAD PROVINCIAL DEL CUSCO _cBIBLIOTECA MUNICIPAL DEL CUSCO |
||
| 082 |
_a808.8 / _bSA164 |
||
| 100 |
_aSalgari, Emilio _9800 |
||
| 245 | _aEl Corsario Negro / | ||
| 260 |
_aMadrid : _bGahe, _c1974. |
||
| 300 |
_a160 paginas ; _b7 Ilustraciones. _c20 cm. |
||
| 505 | _aLos filibusteros de las islas de las tortugas -- Una expedición audaz -- El prisionero -- Un duelo entre cuatro paredes -- El ahorcado... | ||
| 650 |
_aMarineros _91027 |
||
| 650 |
_aComandante _91028 |
||
| 650 |
_aGobernador _91029 |
||
| 650 |
_aCaballero _91030 |
||
| 942 |
_2ddc _cLIBROS |
||
| 945 |
_awnts _d2019-02-22 |
||